Warisan Pedang Rasulullah saw dan para sahabat (Record no. 104537)

MARC details
000 -LEADER
fixed length control field 00718nam a2200241 i 4500
001 - CONTROL NUMBER
control field C2-0300666
003 - CONTROL NUMBER IDENTIFIER
control field PPAK
005 - DATE AND TIME OF LATEST TRANSACTION
control field 20180728082144.0
008 - FIXED-LENGTH DATA ELEMENTS--GENERAL INFORMATION
fixed length control field 091111s2007 my a|||| ||||| | may d
020 ## - INTERNATIONAL STANDARD BOOK NUMBER
International Standard Book Number 9789834372514
040 ## - CATALOGING SOURCE
Original cataloging agency PPAK
Language of cataloging eng
Transcribing agency PPAK
Description conventions rda
082 04 - DEWEY DECIMAL CLASSIFICATION NUMBER
Classification number 899.23301
Edition number 23
090 00 - LOCALLY ASSIGNED LC-TYPE CALL NUMBER (OCLC); LOCAL CALL NUMBER (RLIN)
Classification number (OCLC) (R) ; Classification number, CALL (RLIN) (NR) 899.23301
Feature heading AHM
Feature heading G
100 0# - MAIN ENTRY--PERSONAL NAME
Personal name Ahmad Lutfi bin Abdul Wahab,
Relator term author
245 10 - TITLE STATEMENT
Title Warisan Pedang Rasulullah saw dan para sahabat
264 #1 - PRODUCTION, PUBLICATION, DISTRIBUTION, MANUFACTURE, AND COPYRIGHT NOTICE
Place of production, publication, distribution, manufacture Kota Damansara, Selangor :
Name of producer, publisher, distributor, manufacturer D'Aquarian ,
Date of production, publication, distribution, manufacture, or copyright notice 2007
300 ## - PHYSICAL DESCRIPTION
Extent 120 pages :
Other physical details colour illustrations ;
Dimensions 23 cm
336 ## - CONTENT TYPE
Source rdacontent
Content type term text
337 ## - MEDIA TYPE
Source rdamedia
Media type term unmediated
338 ## - CARRIER TYPE
Source rdacarrier
Carrier type term volume
650 10 - SUBJECT ADDED ENTRY--TOPICAL TERM
Topical term or geographic name entry element Short stories, Malay.
942 ## - ADDED ENTRY ELEMENTS (KOHA)
-- dc
Koha item type Book
Holdings
Withdrawn Not for loan Current library Shelving location Date acquired Full call number Barcode Date last seen Koha item type
    PD31, Kg. Gelam, Bedong Pinjaman Dewasa 30/11/2009 899.23301 AHM A01335247 09/05/2018 Book
    PD34, Kg. Pantai Prai Pinjaman Dewasa 02/06/2010 899.23301 AHM A01339325 09/05/2018 Book